{"text_format":"3","workbook":"xlsx","n_sheets":1,"sheets":["Sheet 1"],"read":"whole","date_system":"1900"}

{"sheet":"Sheet 1","index":0,"n_rows":37,"n_cols":21,"rows_kept":37}
["№","Район","Предмет","Код ОО","Наименование ОО","Фамилия","Имя","Отчество","Дата рождения","Пол","Участник с ОВЗ (да/нет)","Класс обучения","Класс участия","Балл","Добавлено баллов по итогам апелляций","Итоговый балл","Максимальный балл","Статус","Призёр республиканского этапа прошлого года","ФИО учителя","Место работы учителя"]
[792090,"Спасский район","Физическая культура",470004,"Муниципальное бюджетное общеобразовательное учреждение \"Антоновская средняя общеобразовательная школа Спасского муниципального района Республики Татарстан\"","Ямщикова","София","Алексеевна",39829,"Ж","нет",7,7,83,"",83,100,"победитель","нет","Шамсутдинов  Фаиль Имамутдинович","Муниципальное  бюджетное общеобразовательное учреждение \"Антоновская средняя общеобразовательная школа Спасского муниципального района Республики Татарстан"]
[792091,"Спасский район","Физическая культура",470006,"Муниципальное бюджетное общеобразовательное учреждение «Иске Рязяпская средняя общеобразовательная школа Спасского муниципального района Республики Татарстан\"","Сулейманова","Адиля","Альфисовна",39610,"Ж","нет",7,7,4.7,"",4.7,100,"участник","нет","Шафигуллин  Р.А.","МБОУ  \"Иске Рязяпская СОШ\" Спасского муниципального района РТ"]
[792092,"Спасский район","Физическая культура",470004,"Муниципальное бюджетное общеобразовательное учреждение \"Антоновская средняя общеобразовательная школа Спасского муниципального района Республики Татарстан\"","Минкина","Азалия","Алмазовна",39595,"Ж","нет",7,7,69.5,"",69.5,100,"призер","нет","Шамсутдинов  Фаиль Имамутдинович","Муниципальное  бюджетное общеобразовательное учреждение \"Антоновская средняя общеобразовательная школа Спасского муниципального района Республики Татарстан"]
[792093,"Спасский район","Физическая культура",470011,"муниципальное бюджетное общеобразовательное учреждение «Полянская средняя общеобразовательная школа» Спасского муниципального района Республики Татарстан","Будеркина","Софья","Дмитриевна",39472,"Ж","нет",7,7,37,"",37,100,"участник","нет","Ашмарин  Валентин Александрович","МБОУ  \"Полянская СОШ\""]
[792094,"Спасский район","Физическая культура",470002,"МБОУ «Болгарская средняя общеобразовательная школа №2» Спасского муниципального района Республики Татарстан","Калимуллина","Арина","Алекссевна",39868,"Ж","нет",6,7,7.5,"",7.5,100,"участник","нет","Шишкин  А Н","МБОУ  «Болгарская средняя общеобразовательная школа №2» Спасского муниципального района Республики Татарстан"]
[792095,"Спасский район","Физическая культура",470004,"Муниципальное бюджетное общеобразовательное учреждение \"Антоновская средняя общеобразовательная школа Спасского муниципального района Республики Татарстан\"","Егорова","Ангелина","Геннадьевна",39288,"Ж","нет",8,8,44.3,"",44.3,100,"участник","нет","Шамсутдинов  Фаиль Имамутдинович","Муниципальное  бюджетное общеобразовательное учреждение \"Антоновская средняя общеобразовательная школа Спасского муниципального района Республики Татарстан"]
[792096,"Спасский район","Физическая культура",470006,"Муниципальное бюджетное общеобразовательное учреждение «Иске Рязяпская средняя общеобразовательная школа Спасского муниципального района Республики Татарстан\"","Самигуллина","Альфия","Ильфатовна",39140,"Ж","нет",8,8,72.3,"",72.3,100,"призер","нет","Шафигуллин  Равил Асхадуллович","Муниципальное  бюджетное общеобразовательное учреждение \"Иске Рязяпская СОШ Спасского муниципального района Республики Татарстан\""]
[792097,"Спасский район","Физическая культура",470002,"МБОУ «Болгарская средняя общеобразовательная школа №2» Спасского муниципального района Республики Татарстан","Карпушина","Анастасия","Сергеевна",39137,"Ж","нет",8,8,17,"",17,100,"участник","нет","Шишкин  А Н","МБОУ  «Болгарская средняя общеобразовательная школа №2» Спасского муниципального района Республики Татарстан"]
[792098,"Спасский район","Физическая культура",470001,"муниципальное бюджетное общеобразовательное учреждение \"Болгарская средняя общеобразовательная школа №1 с углубленным изучением отдельных предметов Спасского муниципального района Республики Татарстан\"","Морева","Виалетта","Александровна",39166,"Ж","нет",8,8,9,"",9,100,"участник","нет","Бырин  Станислав Павлович","муниципальное  бюджетное общеобразовательное учреждение \"Болгарская средняя общеобразовательная школа №1 с углубленным изучением отдельных предметов Спасского муниципального района Республики Татарстан\""]
[792099,"Спасский район","Физическая культура",470002,"МБОУ «Болгарская средняя общеобразовательная школа №2» Спасского муниципального района Республики Татарстан","Тюрина","Елизавета","Николаевна",38833,"Ж","нет",9,9,45.7,"",45.7,100,"участник","нет","Шишкин  А Н","Муниципальное  бюджетное общеобразовательное учреждение \r «Болгарская средняя общеобразовательная школа № 2»\r\r Спасского муниципального района Республики Татарстан"]
[792100,"Спасский район","Физическая культура",470020,"Государственное бюджетное оздоровительное общеобразовательное учреждение для детей, нуждающихся в длительном лечении \"Болгарская санаторная школа-интернат\"","Аликова","Алена","Аликовна",39029,"Ж","нет",9,9,66.6,"",66.6,100,"призер","нет","Балакирев  Василий Дмитрие","ГБООУ  Болгарская санаторная школа-интернат"]
[792101,"Спасский район","Физическая культура",470020,"Государственное бюджетное оздоровительное общеобразовательное учреждение для детей, нуждающихся в длительном лечении \"Болгарская санаторная школа-интернат\"","Дадашева","Айсель","Тельмановна",38436,"Ж","нет",9,9,11.1,"",11.1,100,"участник","нет","Балакирев  Василий Дмитрие","ГБООУ  Болгарская санаторная школа-интернат"]
[792102,"Спасский район","Физическая культура",470004,"Муниципальное бюджетное общеобразовательное учреждение \"Антоновская средняя общеобразовательная школа Спасского муниципального района Республики Татарстан\"","Медведева","Анастасия","Михайловна",38803,"Ж","нет",9,9,82.6,"",82.6,100,"победитель","нет","Шамсутдинов  Фаиль Имамутдинович","Муниципальное  бюджетное общеобразовательное учреждение \"Антоновская средняя общеобразовательная школа Спасского муниципального района Республики Татарстан"]
[792103,"Спасский район","Физическая культура",470006,"Муниципальное бюджетное общеобразовательное учреждение «Иске Рязяпская средняя общеобразовательная школа Спасского муниципального района Республики Татарстан\"","Замалетдинова","Диана","Ильназовна",38765,"Ж","нет",9,9,41.4,"",41.4,100,"участник","нет","Шафигуллин  Равил Асхадуллович","Муниципальное  бюджетное общеобразовательное учреждение \"Иске Рязяпская СОШ Спасского муниципального района Республики Татарстан\""]
[792104,"Спасский район","Физическая культура",470006,"Муниципальное бюджетное общеобразовательное учреждение «Иске Рязяпская средняя общеобразовательная школа Спасского муниципального района Республики Татарстан\"","Муротова","Малика","Марат  кизи",38709,"Ж","нет",9,9,39.4,"",39.4,100,"участник","нет","Шафигуллин  Равил Асхадуллович","Муниципальное  бюджетное общеобразовательное учреждение \"Иске Рязяпская СОШ Спасского муниципального района Республики Татарстан\""]
[792105,"Спасский район","Физическая культура",470004,"Муниципальное бюджетное общеобразовательное учреждение \"Антоновская средняя общеобразовательная школа Спасского муниципального района Республики Татарстан\"","Трошина","Карина","Викторовна",38382,"Ж","нет",10,10,40.6,"",40.6,100,"участник","нет","Шамсутдинов  Фаиль Имамутдинович","Муниципальное  бюджетное общеобразовательное учреждение \"Антоновская средняя общеобразовательная школа Спасского муниципального района Республики Татарстан"]
[792106,"Спасский район","Физическая культура",470004,"Муниципальное бюджетное общеобразовательное учреждение \"Антоновская средняя общеобразовательная школа Спасского муниципального района Республики Татарстан\"","Григорян","Роза","Миграновна",38398,"Ж","нет",10,10,72.1,"",72.1,100,"призер","нет","Шамсутдинов  Фаиль Имамутдинович","Муниципальное  бюджетное общеобразовательное учреждение \"Антоновская средняя общеобразовательная школа Спасского муниципального района Республики Татарстан"]
[792107,"Спасский район","Физическая культура",470002,"МБОУ «Болгарская средняя общеобразовательная школа №2» Спасского муниципального района Республики Татарстан","Волков","Матвей","Михайлович",40063,"М","нет",6,7,8.5,"",8.5,100,"участник","нет","Шишкин  А Н","МБОУ  «Болгарская средняя общеобразовательная школа №2» Спасского муниципального района Республики Татарстан"]
[792108,"Спасский район","Физическая культура",470004,"Муниципальное бюджетное общеобразовательное учреждение \"Антоновская средняя общеобразовательная школа Спасского муниципального района Республики Татарстан\"","Афонин","Алексадр","Сергеевич",39471,"М","нет",7,7,47.4,"",47.4,100,"участник","нет","Шамсутдинов  Фаиль Имамутдинович","Муниципальное  бюджетное общеобразовательное учреждение \"Антоновская средняя общеобразовательная школа Спасского муниципального района Республики Татарстан"]
[792109,"Спасский район","Физическая культура",470006,"Муниципальное бюджетное общеобразовательное учреждение «Иске Рязяпская средняя общеобразовательная школа Спасского муниципального района Республики Татарстан\"","Муратов","Абдурашид","Маратович",39568,"М","нет",7,7,70.4,"",70.4,100,"призер","нет","Шафигуллин  Равил Асхадуллович","Муниципальное  бюджетное общеобразовательное учреждение \"Иске Рязяпская СОШ Спасского муниципального района Республики Татарстан\""]
[792110,"Спасский район","Физическая культура",470002,"МБОУ «Болгарская средняя общеобразовательная школа №2» Спасского муниципального района Республики Татарстан","Закиров","Марат","Рамилевич",39769,"М","нет",7,7,20.5,"",20.5,100,"участник","нет","Никиташин  Д.А.","МБОУ  «Болгарская средняя общеобразовательная школа №2» Спасского муниципального района Республики Татарстан"]
[792111,"Спасский район","Физическая культура",470021,"Государственное бюджетное общеобразовательное учреждение «Болгарская кадетская школа-интернат имени Карпова Павла Алексеевича\"","Савельев","Мирослав","Владимирович",39497,"М","нет",8,8,67.6,"",67.6,100,"призер","нет","Пашагин  Михаил Сергеевич","\"ГБОУ  Болгарская кадетская школа интренат\" им.Карпова П.А"]
[792112,"Спасский район","Физическая культура",470021,"Государственное бюджетное общеобразовательное учреждение «Болгарская кадетская школа-интернат имени Карпова Павла Алексеевича\"","Лобов","Егор","Юрьевич",39259,"М","нет",8,8,12.8,"",12.8,100,"участник","нет","Пашагин  Михаил Сергеевич","\"ГБОУ  Болгарская кадетская школа интренат\" им.Карпова П.А"]
[792113,"Спасский район","Физическая культура",470006,"Муниципальное бюджетное общеобразовательное учреждение «Иске Рязяпская средняя общеобразовательная школа Спасского муниципального района Республики Татарстан\"","Минсабиров","Амир","Рафаэлевич",39074,"М","нет",8,8,81.6,"",81.6,100,"победитель","нет","Шафигуллин  Р.А.","МБОУ  \"Иске Рязяпская СОШ\" Спасского муниципального района РТ"]
[792114,"Спасский район","Физическая культура",470013,"муниципальное бюджетное общеобразовательное учреждение «Трёхозёрская средняя общеобразовательная школа» Спасского муниципального района Республики Татарстан","Елантьев","Егор","Сергеевич",38956,"М","нет",9,9,43.6,"",43.6,100,"участник","нет","Савинов  Сергей Александрович","Муниципальное  бюджетное общеобразовательное учреждение \"Трёхозёрская средняя общеобразовательная школа\" Спасского муниципального района Республики Татарстан"]
[792115,"Спасский район","Физическая культура",470006,"Муниципальное бюджетное общеобразовательное учреждение «Иске Рязяпская средняя общеобразовательная школа Спасского муниципального района Республики Татарстан\"","Закиров","Ильгинар","Илтэзярович",38559,"М","нет",9,9,69.4,"",69.4,100,"призер","нет","Шафигуллин  Равил Асхадуллович","Муниципальное  бюджетное общеобразовательное учреждение \"Иске Рязяпская СОШ Спасского муниципального района Республики Татарстан\""]
[792116,"Спасский район","Физическая культура",470006,"Муниципальное бюджетное общеобразовательное учреждение «Иске Рязяпская средняя общеобразовательная школа Спасского муниципального района Республики Татарстан\"","Предтеченский","Андрей","Павлович",38636,"М","нет",9,9,48.2,"",48.2,100,"участник","нет","Шафигуллин  Равил Асхадуллович","Муниципальное  бюджетное общеобразовательное учреждение \"Иске Рязяпская СОШ Спасского муниципального района Республики Татарстан\""]
[792117,"Спасский район","Физическая культура",470006,"Муниципальное бюджетное общеобразовательное учреждение «Иске Рязяпская средняя общеобразовательная школа Спасского муниципального района Республики Татарстан\"","Вильданов","Ислам","Ильгамович",38420,"М","нет",9,9,46.8,"",46.8,100,"участник","нет","Шафигуллин  Равил Асхадуллович","Муниципальное  бюджетное общеобразовательное учреждение \"Иске Рязяпская СОШ Спасского муниципального района Республики Татарстан\""]
[792118,"Спасский район","Физическая культура",470011,"муниципальное бюджетное общеобразовательное учреждение «Полянская средняя общеобразовательная школа» Спасского муниципального района Республики Татарстан","Пигалев","Артем","Владимирович",38844,"М","нет",9,9,40.1,"",40.1,100,"участник","нет","Ашмарин  Валентин Александрович","МБОУ  \"Полянская СОШ\""]
[792119,"Спасский район","Физическая культура",470001,"муниципальное бюджетное общеобразовательное учреждение \"Болгарская средняя общеобразовательная школа №1 с углубленным изучением отдельных предметов Спасского муниципального района Республики Татарстан\"","Дряхлов","Кирилл","Александрович",39036,"М","нет",9,9,10.8,"",10.8,100,"участник","нет","Бырин  С.П","Муниципальное  бюджетное общеобразовательное учреждение Болгарская средняя школа №1 с углубленным изучением отдельных предметов г.Болгар Республики Татарстан"]
[792120,"Спасский район","Физическая культура",470010,"МБОУ «Никольская средняя общеобразовательная школа» Спасского муниципального района РТ","Сыряпов","Данил","Дмитриевич",39058,"М","нет",9,9,59.4,"",59.4,100,"призер","нет","Тареев  Николай Александрович","МБОУ  \"Никольская средняя общеобразовательная школа\" Спасского района"]
[792121,"Спасский район","Физическая культура",470002,"МБОУ «Болгарская средняя общеобразовательная школа №2» Спасского муниципального района Республики Татарстан","Байкин","Виталий","Евгеньевич",38600,"М","нет",10,10,37,"",37,100,"участник","нет","Шишкин  А Н","Муниципальное  бюджетное общеобразовательное учреждение \r «Болгарская средняя общеобразовательная школа № 2»\r\r Спасского муниципального района Республики Татарстан"]
[792122,"Спасский район","Физическая культура",470021,"Государственное бюджетное общеобразовательное учреждение «Болгарская кадетская школа-интернат имени Карпова Павла Алексеевича\"","Юсупов","Самат","Рамилевич",38679,"М","нет",10,10,76.7,"",76.7,100,"призер","нет","Пашагин  Михаил Сергеевич","\"ГБОУ  Болгарская кадетская школа интренат\" им.Карпова П.А"]
[792123,"Спасский район","Физическая культура",470004,"Муниципальное бюджетное общеобразовательное учреждение \"Антоновская средняя общеобразовательная школа Спасского муниципального района Республики Татарстан\"","Григорян","Роберт","Мигранович",38786,"М","нет",10,10,38,"",38,100,"участник","нет","Шамсутдинов  Фаиль Имамутдинович","Муниципальное  бюджетное общеобразовательное учреждение \"Антоновская средняя общеобразовательная школа Спасского муниципального района Республики Татарстан"]
[792124,"Спасский район","Физическая культура",470001,"муниципальное бюджетное общеобразовательное учреждение \"Болгарская средняя общеобразовательная школа №1 с углубленным изучением отдельных предметов Спасского муниципального района Республики Татарстан\"","Пиминов","Багдан","Олегович",38674,"М","нет",10,10,95,"",95,100,"победитель","нет","Кузовкин  М.Н","Муниципальное  бюджетное общеобразовательное учреждение Болгарская средняя школа №1 с углубленным изучением отдельных предметов г.Болгар Республики Татарстан"]
[792125,"Спасский район","Физическая культура",470010,"МБОУ «Никольская средняя общеобразовательная школа» Спасского муниципального района РТ","Силютин","Максим","Алексеевич",38580,"М","нет",10,10,46.1,"",46.1,100,"участник","нет","Тареев  Николай Александрович","МБОУ  \"Никольская средняя общеобразовательная школа\" Спасского района"]